Sports and recreational activities for men and women / (Record no. 210)

MARC details
000 -LEADER
fixed length control field 01378nam a22001937a 4500
008 - FIXED-LENGTH DATA ELEMENTS--GENERAL INFORMATION
fixed length control field 111031t xxu||||| |||| 00| 0 eng d
020 ## - INTERNATIONAL STANDARD BOOK NUMBER
International Standard Book Number 0801662028
050 ## - LIBRARY OF CONGRESS CALL NUMBER
Classification number GV704.M177
100 ## - MAIN ENTRY--PERSONAL NAME
Personal name Mood, Dale
245 ## - TITLE STATEMENT
Title Sports and recreational activities for men and women /
Statement of responsibility, etc. Dale, Mood
250 ## - EDITION STATEMENT
Edition statement 10th ed.
260 ## - PUBLICATION, DISTRIBUTION, ETC.
Place of publication, distribution, etc. St Louis:
Name of publisher, distributor, etc. Mosby year book,
Date of publication, distribution, etc. 1991.
300 ## - PHYSICAL DESCRIPTION
Extent xiv,570p.:
Other physical details illus,
Dimensions 28cm.
505 ## - FORMATTED CONTENTS NOTE
Formatted contents note Contents: Introduction -- Aerobic dance -- Archery -- Backpacking -- Badminton -- Basketball -- Bicycling -- Bowling -- Dance: Concert and recreational -- Fencing -- Field hockey -- Golf -- Gymnastics and tumbling -- Jogging -- Karate -- Kayaking and canoeing -- Mountaineering -- Orienteering -- Paddle and platform tennis -- Physical fitness -- Racquetball, paddleball, and handball -- Rugby -- Self-Defense -- Skiing: Alpine -- Skiing: Cross-country -- Skin and scuba diving -- Soccer -- Softball -- Speedball -- Springboard diving -- Swimming -- Table tennis -- Team handball -- Tennis -- Touch football and flag football -- Track and field -- Volleyball -- Water polo -- Weight training, circuit weight training, and weight lifting -- Wrestling -- Appendix A: Miscellaneous field and court dimensions -- Appendix B: Equipment manufacturers and distributors.
650 ## - SUBJECT ADDED ENTRY--TOPICAL TERM
Topical term or geographic name entry element Sports
700 ## - ADDED ENTRY--PERSONAL NAME
Personal name Musker, Frank F.
700 ## - ADDED ENTRY--PERSONAL NAME
Personal name Rink, Judith E.
942 ## - ADDED ENTRY ELEMENTS (KOHA)
Source of classification or shelving scheme Library of Congress Classification
Koha item type Books
Holdings
Withdrawn status Lost status Source of classification or shelving scheme Damaged status Not for loan Home library Current library Shelving location Date acquired Total Checkouts Full call number Barcode Date last seen Copy number Price effective from Koha item type
    Library of Congress Classification     WISCONSIN INTERNATIONAL UNIVERSITY COLLEGE, GHANA - MAIN LIBRARY WISCONSIN INTERNATIONAL UNIVERSITY COLLEGE, GHANA - MAIN LIBRARY General Stacks 31/10/2011   GV704.M177 648/11 31/10/2011 1 31/10/2011 Books
    Library of Congress Classification     WISCONSIN INTERNATIONAL UNIVERSITY COLLEGE, GHANA - MAIN LIBRARY WISCONSIN INTERNATIONAL UNIVERSITY COLLEGE, GHANA - MAIN LIBRARY General Stacks 31/10/2011   GV704.M1771 649/11 31/10/2011 2 31/10/2011 Books
    Library of Congress Classification     WISCONSIN INTERNATIONAL UNIVERSITY COLLEGE, GHANA - MAIN LIBRARY WISCONSIN INTERNATIONAL UNIVERSITY COLLEGE, GHANA - MAIN LIBRARY General Stacks 31/10/2011   GV704.M1772 650/11 31/10/2011 3 31/10/2011 Books
    Library of Congress Classification     WISCONSIN INTERNATIONAL UNIVERSITY COLLEGE, GHANA - MAIN LIBRARY WISCONSIN INTERNATIONAL UNIVERSITY COLLEGE, GHANA - MAIN LIBRARY General Stacks 31/10/2011   GV704.M1773 651/11 31/10/2011 4 31/10/2011 Books
    Library of Congress Classification     WISCONSIN INTERNATIONAL UNIVERSITY COLLEGE, GHANA - MAIN LIBRARY WISCONSIN INTERNATIONAL UNIVERSITY COLLEGE, GHANA - MAIN LIBRARY General Stacks 31/10/2011   GV704.M1774 652/11 31/10/2011 5 31/10/2011 Books

If you have any concerns or questions; kindly contact the library


© Powered by WIUC ICT DIRECTORATE